Tunisia : Financial Sector Assessment Program Update; Detailed Assessment of Compliance of the Basel Core Principles for Effective Banking Supervision.

This paper discusses key findings of the Detailed Assessment of Compliance of the Basel Core Principles for Effective Banking Supervision for Tunisia. The findings reveal that the Central Bank of Tunisia (Banque Centrale de Tunisi/BCT) monitors closely the supervised institutions. Its monitoring con...

Ful tanımlama

Detaylı Bibliyografya
Müşterek Yazar: International Monetary Fund
Materyal Türü: Dergi
Dil:English
Baskı/Yayın Bilgisi: Washington, D.C. : International Monetary Fund, 2007.
Seri Bilgileri:IMF Staff Country Reports; Country Report ; No. 2007/098
Online Erişim:Full text available on IMF
LEADER 01755cas a2200241 a 4500
001 AALejournalIMF009238
008 230101c9999 xx r poo 0 0eng d
020 |c 5.00 USD 
020 |z 9781451837919 
022 |a 1934-7685 
040 |a BD-DhAAL  |c BD-DhAAL 
110 2 |a International Monetary Fund. 
245 1 0 |a Tunisia :   |b Financial Sector Assessment Program Update; Detailed Assessment of Compliance of the Basel Core Principles for Effective Banking Supervision. 
264 1 |a Washington, D.C. :  |b International Monetary Fund,  |c 2007. 
300 |a 1 online resource (50 pages) 
490 1 |a IMF Staff Country Reports 
500 |a <strong>Off-Campus Access:</strong> No User ID or Password Required 
500 |a <strong>On-Campus Access:</strong> No User ID or Password Required 
506 |a Electronic access restricted to authorized BRAC University faculty, staff and students 
520 3 |a This paper discusses key findings of the Detailed Assessment of Compliance of the Basel Core Principles for Effective Banking Supervision for Tunisia. The findings reveal that the Central Bank of Tunisia (Banque Centrale de Tunisi/BCT) monitors closely the supervised institutions. Its monitoring consists of examining prudential reports and the numerous documents that the external auditors of the credit institutions have to submit at the close of each year, extracting information from inspection reports. Direction Generale de Supervision Bancaire (DGSB) staff are trained in economics, accounting, and finance. 
538 |a Mode of access: Internet 
830 0 |a IMF Staff Country Reports; Country Report ;  |v No. 2007/098 
856 4 0 |z Full text available on IMF  |u http://elibrary.imf.org/view/journals/002/2007/098/002.2007.issue-098-en.xml  |z IMF e-Library